000 01676nam a2200241Ia 4500
999 _c40927
_d40927
001 7573
003 GE_BSU
005 20231221172119.0
008 181216s2013||||ge |||||||||||||| ||geo||
020 _a9789941220630
040 _cGE_BSU
041 _ageo
080 _a62+005.5 მ-89
100 _aმოწყობილი, ია
_920845
245 _aრეგიონის უმაღლესი ტექნიკური განათლების სპეციალისტთა მოთხოვნილების პროგნოზირების კონცეპტუალური მოდელი :
_bმონოგრაფია /
_cია მოწყობილი ; სამც. ხელ-ლი : იბრაიმ დიდმანიძე ; თელავის სახელმწიფო ენივერსიტეტი.
264 _aთბილისი :
_bუნივერსალი,
_c2013.
300 _a114 გვ. ;
_c21 სმ.
_eცხრილები.
504 _aბიბლიოგრაფია გვ. 89
653 _aრეგიონის უმაღლესი ტექნიკური განათლების სპეციალისტთა მოთხოვნილების პროგნოზირების კონცეპტუალური მოდელი
700 _aდიდმანიძე, იბრაიმ
_eსამეცნიერო ხელმძღვანელი
_91168
710 _aთელავის სახელმწიფო ენივერსიტეტი
_920846
942 _cBK
_2udc